000 00644nam a2200277Ia 4500
005 20260324134454.0
008 008 260324s9999 xx 000 0 eng d
020 _a9781315810577
037 _aEBOOK
040 _aCRL
040 _beng
040 _cCRL
041 _2eng
041 _aeng
084 _qCRL
100 _aJames S. De Banneville
_91196944
245 4 _aThe Kwaidan of the Lady of Tamiya
260 _bTaylor and Francis
260 _c2001
365 _a
365 _b205
856 _uhttp://www.taylorfrancis.com/books/9781315810577
942 _cEBOOK
999 _c1797086
_d1797086